APEC Schools

You have the power to create love / (Record no. 7332)

000 -LEADER
fixed length control field nam a22 7a 4500
005 - DATE AND TIME OF LATEST TRANSACTION
control field 20190522035540.0
008 - FIXED-LENGTH DATA ELEMENTS--GENERAL INFORMATION
fixed length control field 190522b xxu||||| |||| 00| 0 eng d
020 ## - IDENTIFIER FOR THE MANIFESTATION
Binding paperback
040 ## - CATALOGING SOURCE
Language of Cataloging eng
Transcribing Agency APEC Schools Library
Description Conventions rda
082 ## - DEWEY DECIMAL CLASSIFICATION NUMBER
Classification number C 248.4
Author's Number Sa551y 2002
100 ## - CREATOR
Preferred Name of the Person Sanchez, Bo
245 ## - TITLE AND STATEMENT OF RESPONSIBILITY
Preferred Title Proper You have the power to create love /
Statement of Responsibility/Parallel Statement of Responsibility Bo Sanchez
264 ## - PUBLICATION STATEMENT
Place of publication, distribution, etc Quezon City :
Publisher's Name/Parallel Publisher's Name Sheperd's Voice Publications,
Copyright ©2002.
300 ## - PHYSICAL DESCRIPTION
Extent 150 pages ;
Dimensions 15 cm
336 ## - RDA CONTENT
Source rdacontent
Content Type text
337 ## - RDA MEDIA
Source rdamedia
Media Type unmediated
338 ## - RDA CARRIER
Source rdacarrier
Carrier Type volume
942 ## - ADDED ENTRY ELEMENTS (KOHA)
Source of Classification
Koha Item Type Non Fiction
Holdings
Library Site Location Shelving Location Source of Acquisition Full Classification Number Accession Number Koha Item Type
APEC Muntinlupa Library APEC Muntinlupa Library Circulation Institutional Fund C 248.4 Sa551y 2002 B01-0000309 Non Fiction

Powered by Koha